General Knowledge #8 - Statistics

General Stats
  • This quiz has been taken 51 times
  • The average score is 6 of 10
Answer Stats
Hint Answer % Correct
What sport does Serena Williams play? Tennis
100%
Is 9 a prime number? No
94%
What is the only U.S state with only 1 syllable? Maine
78%
How many total people have stepped foot on the moon? 12
76%
UCLA is in what state? California
73%
Who is Bill Clinton's wife? Hillary Clinton
69%
In Star Wars, what is the name of Anakin's son? Luke Skywalker
67%
Springfield is the capital of what U.S state? Illinois
51%
Who was the 27th president of the USA? William Howard Taft
18%
Who wrote "The Outsiders"? S. E. Hinton
12%
No matching quizzes found
Score Distribution
Percent of People with Each Score
Percentile by Number Answered
Your Score History
You have not taken this quiz